Online Catalogue and eLibrary

Rural Women in Poverty (Record no. 5942)

MARC details
000 -LEADER
fixed length control field 00451nam a22001817a 4500
005 - DATE AND TIME OF LATEST TRANSACTION
control field 20241219003029.0
008 - FIXED-LENGTH DATA ELEMENTS--GENERAL INFORMATION
fixed length control field 241218b |||||||| |||| 00| 0 eng d
082 ## - DDC Classification
DDC Edition Number 5571
Class No. 305
Item Number - Author Mark KHA
100 ## - MAIN ENTRY--PERSONAL NAME
Personal name Salahuddin, K
100 ## - MAIN ENTRY--PERSONAL NAME
Personal name Shamim, I
245 ## - TITLE STATEMENT
Title Rural Women in Poverty
Remainder of title NGO Interventions for Alleviation
260 ## - PUBLICATION, DISTRIBUTION, ETC.
Place of publication, distribution, etc. Dhaka
Name of publisher, distributor, etc. Women for Women
Date of publication, distribution, etc. 1996
300 ## - PHYSICAL DESCRIPTION
Extent (e.g. Volumes, Pages etc.) 218 p.,
650 ## - SUBJECT ADDED ENTRY--TOPICAL TERM
Topical term or geographic name entry element Women
650 ## - SUBJECT ADDED ENTRY--TOPICAL TERM
Topical term or geographic name entry element Poverty
650 ## - SUBJECT ADDED ENTRY--TOPICAL TERM
Topical term or geographic name entry element Rural
942 ## - Koha item type (Biblio)
Koha item type Books in Stacks (Lending)
Holdings
Lost status Damaged status Collection code Home library Current library Date acquired Full call number Accession Number Item type
    Lending WERC Library WERC Library 12/18/2024 5571 305 5571 Books in Stacks (Lending)

© WERC Library